00708nam a2200181 i 4500001000700000003000900007005001700016007000300033008004100036100005500077245011600132260003000248300002200278700004900300852003200349999001900381952012600400150246ES-MaACL20231209062947.0t|071029s1963 sp ||||1| spa d1 aVallejo-Nágera, Juan Antonio,d1926-1990911285510aIntroducción a la psiquiatría / cpor J. A. Vallejo Nágera Botas ; con un prólogo de J.J. López Ibor. aMadrid : bJauve, c1963. a550 p. ; c25 cm.1 aLópez Ibor, Juan José,d1906-1991973703 aES-MaACLjC-22425 bR.50971 c150246d150246 00104070aATENEOMbATENEOMcGaleríad2008-01-17eSCl0oC-22425p1156779r2023-02-23 00:00:00w2023-02-23yMONOGRAFIA